Loading...
Kaumudi mahotsav. /
| Main Author: | |
|---|---|
| Format: | Printed Book |
| Language: | Hindi |
| Published: |
1968.
|
| LEADER | 00381nam a2200121Ia 4500 | ||
|---|---|---|---|
| 008 | 150624b ii ||||| |||| 00| 0 hin d | ||
| 082 | |a 862.822 | ||
| 100 | |a Varma, Ramkumar. | ||
| 245 | |a Kaumudi mahotsav. / | ||
| 260 | |c 1968. | ||
| 942 | |c BK | ||
| 999 | |c 62643 |d 62643 | ||
| 952 | |0 0 |1 0 |4 0 |6 862_822000000000000_KAU_H |7 0 |9 62620 |a UL |b UL |c SEC |d 2012-10-27 |l 0 |o 862.822 KAU H |p G1628 |r 2012-10-27 |w 2012-10-27 |y BK | ||